000 00745nam a22002177a 4500
005 20250320135320.0
008 231124b ||||| |||| 00| 0 eng d
020 _a9786214061273
082 _aDFil 550 C114 2021
100 _aCadiz, Arlon P.
_941345
245 _aFundamentals of earth & life science /
_cArlon P. Cadiz and three others.
260 _aManila :
_bMindshapers Co., Inc.,
_c©2021.
300 _axii, 448 pages :
_billustrations ;
_c25 cm.
500 _aIncludes references.
650 _aEarth science.
_950334
650 _aLife science.
_950335
700 _aPascual, Catherine B.
_eauthor.
_950191
700 _aVillanoy, Felisa M.
_eauthor.
_950192
700 _aMacasil, Trinidad D.
_eauthor.
_950193
942 _2ddc
_cDFIL
999 _c18509
_d18509